Ten Largest Towns/Cities in Devon - Statistics

General Stats
  • This quiz has been taken 34 times
  • The average score is 7 of 10
Answer Stats
Hint Answer % Correct
117,773 Exeter
100%
256,384 Plymouth
94%
65,245 Torquay
84%
21,335 Tiverton
81%
49,021 Paignton
74%
34,432 Exmouth
71%
24,033 Barnstaple
65%
24,029 Newton Abbot
61%
16,610 Bideford
42%
16,693 Brixham
32%
No matching quizzes found
Score Distribution
Percent of People with Each Score
Percentile by Number Answered
Your Score History
You have not taken this quiz